书目信息 |
| 题名: |
砖石与建筑
|
|
| 作者: | 戴志中 , 黃颖 , 陈宏 , 哈柍 编著 | |
| 分册: | ||
| 出版信息: | 济南 山东科学技术出版社 2004.11 |
|
| 页数: | 146页 | |
| 开本: | 22cm | |
| 丛书名: | 建筑要素表现丛书 | |
| 单 册: | ||
| 中图分类: | TU365.01 | |
| 科图分类: | ||
| 主题词: | 建筑美学--砖石结构--研究 | |
| 电子资源: | ||
| ISBN: | 7-5331-3840-6 | |
| 000 | 01014nam 2200301 450 | |
| 001 | 010563629703 | |
| 005 | 20051014095420.10 | |
| 010 | @a7-5331-3840-6@dCNY65.00 | |
| 100 | @a20050910d2004 km y0chiy0120 ea | |
| 101 | 0 | @achi |
| 102 | @aCN@b370000 | |
| 105 | @aa z 000yy | |
| 200 | 1 | @a砖石与建筑@Azhuan shi yu jian zhu@f戴志中 … [等] 编著@Fdai zhi zhong…[deng]bian zhu |
| 210 | @a济南@c山东科学技术出版社@d2004.11 | |
| 215 | @a146页@c图@d22cm | |
| 225 | 2 | @a建筑要素表现丛书@d= Series of expression of building essentials |
| 304 | @a本书著者有戴志中, 黃颖, 陈宏, 哈柍。 | |
| 330 | @a本书是一本研究砖石结构的书籍,内容包括砖石结构的辉煌等。 | |
| 333 | @a建筑人员及普通读者 | |
| 410 | 0 | @12001 @a建筑要素表现丛书 |
| 606 | 0 | @a建筑美学@x砖石结构@x研究 |
| 690 | @aTU365.01@v4 | |
| 701 | 0 | @a戴志中@Adai zhi zhong@4编著 |
| 701 | 0 | @a黃颖@Ahuang ying@4编著 |
| 701 | 0 | @a陈宏@Achen hong@4编著 |
| 701 | 0 | @a哈柍@Aha ying@4编著 |
| 801 | 0 | @aCN@bQSSK@c20051014 |
| 905 | @a10447@dTU365.01@eD149 | |
| 砖石与建筑/戴志中 … [等] 编著.-济南:山东科学技术出版社,2004.11 |
| 146页:图;22cm.-(建筑要素表现丛书= Series of expression of building essentials) |
| 使用对象:建筑人员及普通读者 |
| ISBN 7-5331-3840-6:CNY65.00 |
| 本书是一本研究砖石结构的书籍,内容包括砖石结构的辉煌等。 |
| ● |
| 相关链接 |
|
|
|
正题名:砖石与建筑
索取号:TU365.01/D149
 
预约/预借
| 序号 | 登录号 | 条形码 | 馆藏地/架位号 | 状态 | 备注 |
| 1 | 568259 | 205682590 | 建筑库101/101建筑库 84排3列1层/ [索取号:TU365.01/D149] | 在馆 | |
| 2 | 568260 | 205682607 | 建筑库101/101建筑库 84排3列1层/ [索取号:TU365.01/D149] | 在馆 |